[Event "29.Schlosspark-Open"]
[Site "Wiesbaden-Biebrich"]
[Date "2017.08.25"]
[Round "2.53"]
[White "Hipler, Andreas"]
[Black "Happel, Jürgen"]
[Result "1-0"]
[WhiteElo "1884"]
[BlackElo "1593"]
[PlyCount "123"]
[EventDate "2017.??.??"]
[WhiteTeam "SK Gau-Algesheim"]
[BlackTeam "SV Hofheim"]

1. d4 d5 2. Nf3 Nf6 3. e3 e6 4. Bd3 h6 5. O-O Be7 6. Nbd2 O-O 7. b3 c6 8. Bb2
Nbd7 9. Ne5 a5 10. a4 Qc7 11. f4 b6 12. Qe2 Bb7 13. Rf3 c5 14. Rh3 cxd4 15.
exd4 Qc8 16. g4 Ba6 17. g5 Bxd3 18. Qxd3 Nxe5 19. dxe5 Bc5+ 20. Kh1 Ne4 21.
Nxe4 dxe4 22. Qxe4 Rd8 23. gxh6 g6 24. Re1 Rd7 25. Rd3 Rxd3 26. cxd3 Ra7 27. d4
Bb4 28. Rc1 Qb7 29. Qxb7 Rxb7 30. Kg2 Kh7 31. Kf3 Kxh6 32. Rc8 Be7 33. Bc1 Kg7
34. Bd2 f6 35. exf6+ Kxf6 36. Ke4 b5 37. Bxa5 bxa4 38. bxa4 Ra7 39. Be1 Kf7 40.
a5 Bd6 41. Rc6 Ke7 42. a6 Kd7 43. d5 exd5+ 44. Kxd5 Bxf4 45. Rxg6 Ke8 46. h4
Rd7+ 47. Kc6 Rc7+ 48. Kb6 Kf7 49. Rg4 Rc4 50. Rxf4+ Rxf4 51. a7 Ra4 52. Kb7 Kg6
53. a8=Q Rxa8 54. Kxa8 Kh5 55. Kb7 Kh6 56. Kc6 Kg6 57. Kd6 Kh5 58. Ke6 Kg6 59.
Ke5 Kh6 60. Kf6 Kh7 61. Bd2 Kg8 62. Kg6 1-0

[Event "29.Schlosspark-Open"]
[Site "Wiesbaden-Biebrich"]
[Date "2017.08.25"]
[Round "2.54"]
[White "Neukirchner, Pascal"]
[Black "Roth, Michael"]
[Result "1-0"]
[WhiteElo "2142"]
[BlackElo "1532"]
[PlyCount "49"]
[EventDate "2017.??.??"]
[WhiteTeam "SK Gründau"]
[BlackTeam "SC Lerchenberg/ZMO"]

1. d4 Nf6 2. c4 d5 3. cxd5 Nxd5 4. Nf3 Bf5 5. Qb3 Nf6 6. Nc3 Nc6 7. Qxb7 Bd7 8.
Bf4 Rc8 9. e4 e6 10. a3 Be7 11. b4 O-O 12. d5 Nb8 13. Be2 Ne8 14. Qxa7 c5 15.
b5 f6 16. Bc4 e5 17. d6+ Kh8 18. dxe7 Qxe7 19. Be3 Nd6 20. Bd5 f5 21. a4 Qf6
22. Bg5 Qg6 23. h4 Be6 24. Nxe5 Qe8 25. Qe7 1-0

[Event "29.Schlosspark-Open"]
[Site "Wiesbaden-Biebrich"]
[Date "2017.08.25"]
[Round "2.55"]
[White "Tojcic, Josip"]
[Black "Poghosyan, Tigran"]
[Result "1/2-1/2"]
[WhiteElo "1720"]
[BlackElo "2192"]
[PlyCount "49"]
[EventDate "2017.??.??"]
[WhiteTeam "Frankfurter TV"]
[BlackTeam "Lübecker SV"]

1. d4 Nf6 2. Nf3 g6 3. Bf4 Bg7 4. e3 O-O 5. Be2 d6 6. h3 c5 7. c3 Qb6 8. Qb3
Qxb3 9. axb3 Nc6 10. O-O b6 11. Nbd2 Bb7 12. Rfe1 Rfe8 13. Bb5 a6 14. Be2 e5
15. dxe5 dxe5 16. Bg5 e4 17. Nh2 Rad8 18. Red1 b5 19. Ng4 Nxg4 20. Bxd8 Nxe3
21. fxe3 Nxd8 22. Nf1 Be5 23. Rd7 Bc6 24. Rd2 Bb7 25. Rd7 1/2-1/2

[Event "29.Schlosspark-Open"]
[Site "Wiesbaden-Biebrich"]
[Date "2017.08.25"]
[Round "2.56"]
[White "Schomann, Michael"]
[Black "Rolf, Marco"]
[Result "0-1"]
[WhiteElo "1705"]
[BlackElo "2082"]
[PlyCount "106"]
[EventDate "2017.??.??"]
[WhiteTeam "TSV Kücknitz"]
[BlackTeam "SK Gernsheim"]

1. d4 e6 2. c4 b6 3. Nc3 Bb7 4. e4 Bb4 5. Bd3 Qh4 6. Nf3 Bxc3+ 7. bxc3 Qg4 8.
Qe2 Nf6 9. d5 e5 10. O-O d6 11. h3 Qh5 12. Bg5 Nbd7 13. Bh4 Nc5 14. Bc2 O-O-O
15. Rfe1 Kb8 16. Bg3 g5 17. Nh2 Qxe2 18. Rxe2 Ba6 19. Nf3 Bxc4 20. Ree1 Rhg8
21. Nd2 Ba6 22. f3 h5 23. c4 Rg6 24. Bd1 Rdg8 25. Rf1 g4 26. hxg4 hxg4 27. Bf2
Nd3 28. Rb1 Nf4 29. fxg4 Nxg4 30. Bxg4 Rxg4 31. g3 Ne2+ 32. Kg2 Nxg3 33. Bxg3
Rxg3+ 34. Kf2 Rg2+ 35. Ke1 R8g3 36. Rb3 Rg7 37. Rbf3 Bc8 38. Rxf7 Rxf7 39. Rxf7
Bg4 40. Rf2 Rxf2 41. Kxf2 Kb7 42. Ke3 Ka6 43. Kd3 Ka5 44. Kc3 Ka4 45. Kb2 Be2
46. a3 a6 47. Ka2 b5 48. cxb5 axb5 49. Kb2 Bc4 50. Nb1 b4 51. axb4 Bd3 52. Nd2
Kxb4 53. Kc1 Kc3 0-1

[Event "29.Schlosspark-Open"]
[Site "Wiesbaden-Biebrich"]
[Date "2017.08.25"]
[Round "2.57"]
[White "Lohrmann, Tabea"]
[Black "Seickel, Ralf"]
[Result "1-0"]
[WhiteElo "1703"]
[BlackElo "2047"]
[PlyCount "67"]
[EventDate "2017.??.??"]
[WhiteTeam "SC Waldkirch"]
[BlackTeam "vereinslos"]

1. e4 c5 2. Nf3 d6 3. d4 cxd4 4. Nxd4 Nf6 5. Nc3 a6 6. f3 e6 7. Be3 h5 8. Qd2
b5 9. O-O-O b4 10. Nce2 e5 11. Nf5 Bxf5 12. exf5 Nbd7 13. Qxb4 d5 14. Qa4 d4
15. Bg5 Be7 16. f4 Ng4 17. Bxe7 Qxe7 18. Re1 d3 19. Nd4 d2+ 20. Kxd2 O-O 21.
fxe5 Qg5+ 22. Kd1 Nf2+ 23. Ke2 Nxh1 24. Qxd7 Rad8 25. Nf3 Qf4 26. Qa7 Qe4+ 27.
Qe3 Qxc2+ 28. Nd2 Qxf5 29. Ne4 Qxe5 30. g3 Qxb2+ 31. Kf3 Qxh2 32. Re2 Nxg3 33.
Rxh2 Nxf1 34. Nf6+ 1-0

[Event "29.Schlosspark-Open"]
[Site "Wiesbaden-Biebrich"]
[Date "2017.08.25"]
[Round "2.58"]
[White "Michels, Fabio"]
[Black "Gentner, Markus"]
[Result "0-1"]
[WhiteElo "1695"]
[BlackElo "2010"]
[PlyCount "60"]
[EventDate "2017.??.??"]
[WhiteTeam "SG Mörsdorf-Lahr"]
[BlackTeam "SC Murrhardt"]

1. d4 Nf6 2. c4 c5 3. d5 b5 4. cxb5 a6 5. b6 d6 6. Nc3 Nbd7 7. e4 g6 8. Nf3 Bg7
9. a4 Qxb6 10. a5 Qa7 11. Be3 Ng4 12. Bf4 Rb8 13. Qd2 O-O 14. h3 Nge5 15. Nxe5
Nxe5 16. Be2 f5 17. O-O fxe4 18. Nxe4 Rxb2 19. Qe3 Rxe2 20. Qxe2 Rxf4 21. Rab1
Bf5 22. f3 c4+ 23. Kh1 Bxe4 24. fxe4 Rxf1+ 25. Qxf1 Bf6 26. g4 Qe3 27. Rb8+ Kg7
28. Qg2 Nf3 29. Qf1 Qxe4 30. Rb6 Nh4+ 0-1

[Event "29.Schlosspark-Open"]
[Site "Wiesbaden-Biebrich"]
[Date "2017.08.25"]
[Round "2.59"]
[White "Hoffmann, Jens"]
[Black "Maleski, Heinz"]
[Result "1-0"]
[WhiteElo "1869"]
[BlackElo "1708"]
[PlyCount "79"]
[EventDate "2017.??.??"]
[WhiteTeam "SF HN-Biberach"]
[BlackTeam "SV Mainz-Mombach"]

1. e4 c5 2. Nf3 Nc6 3. d4 cxd4 4. Nxd4 Nxd4 5. Qxd4 d6 6. c4 Bd7 7. Be2 e5 8.
Qd3 Nf6 9. Nc3 Bc6 10. O-O h6 11. Be3 Be7 12. Rfd1 O-O 13. b4 b6 14. f3 Qc7 15.
Rac1 Qb7 16. a4 Rfd8 17. b5 Be8 18. Nd5 Nxd5 19. cxd5 Rac8 20. f4 Rxc1 21. Rxc1
Bf6 22. Qc2 exf4 23. Bxf4 Bd4+ 24. Kh1 Bc5 25. Qc3 Qe7 26. Bf3 g5 27. Bg3 Bd7
28. Re1 Rc8 29. Qb2 g4 30. Bd1 Qg5 31. Rf1 Qe3 32. Qf6 Be8 33. Bxg4 Bd4 34. Qe7
Qd3 35. Rd1 Rc1 36. Qxe8+ Kg7 37. Rxc1 Bc5 38. Rd1 Qc3 39. Rf1 f6 40. Be6 1-0

[Event "29.Schlosspark-Open"]
[Site "Wiesbaden-Biebrich"]
[Date "2017.08.25"]
[Round "2.60"]
[White "Björknes, Uwe"]
[Black "Schlitzer, Felix"]
[Result "1/2-1/2"]
[WhiteElo "1678"]
[BlackElo "1837"]
[PlyCount "27"]
[EventDate "2017.??.??"]
[WhiteTeam "SK Bad Homburg"]
[BlackTeam "TuS Dotzheim"]

1. c4 c5 2. Nc3 Nc6 3. e4 g6 4. Nf3 Bg7 5. d3 a6 6. Be2 e6 7. O-O Nge7 8. Bg5
O-O 9. Rb1 f6 10. Bh4 d5 11. cxd5 exd5 12. Qb3 Na5 13. Qa3 Be6 14. Qxc5 1/2-1/2

[Event "29.Schlosspark-Open"]
[Site "Wiesbaden-Biebrich"]
[Date "2017.08.25"]
[Round "2.61"]
[White "Do, Nam"]
[Black "Rupp, Arnim"]
[Result "1-0"]
[WhiteElo "1862"]
[BlackElo "1704"]
[PlyCount "81"]
[EventDate "2017.??.??"]
[WhiteTeam "SK Sandhausen"]
[BlackTeam "SC Eschborn"]

1. e4 d5 2. exd5 Nf6 3. Nc3 Nxd5 4. Nxd5 Qxd5 5. Nf3 Bg4 6. Be2 Nc6 7. O-O e5
8. d3 Bc5 9. a3 O-O 10. b4 Bb6 11. c4 Qd6 12. c5 Bxc5 13. bxc5 Qxc5 14. Be3 Qe7
15. Nxe5 Nxe5 16. Bxg4 Rad8 17. Be2 Rd7 18. Qb3 b6 19. Rfd1 Rfd8 20. h3 Qf6 21.
Rac1 c5 22. a4 Qg6 23. Rc3 h6 24. Bf4 Nc6 25. Bg4 Re7 26. Qc2 h5 27. Bf3 Nd4
28. Qc1 Nxf3+ 29. Kh1 Nd4 30. Ra3 Rde8 31. Be3 Nf5 32. d4 cxd4 33. Bf4 Re2 34.
Rf1 Nd6 35. Rg3 Qe6 36. Kh2 Nf5 37. Rf3 Rd8 38. Qc7 Rd7 39. Qc8+ Kh7 40. Qa6
Qd5 41. Qxe2 1-0

[Event "29.Schlosspark-Open"]
[Site "Wiesbaden-Biebrich"]
[Date "2017.08.25"]
[Round "2.62"]
[White "Schwenk, Stefan"]
[Black "Held, Maurice"]
[Result "0-1"]
[WhiteElo "1640"]
[BlackElo "1856"]
[PlyCount "72"]
[EventDate "2017.??.??"]
[WhiteTeam "TuS Dotzheim"]
[BlackTeam "SC Ladja Roßdorf"]

1. c4 c5 2. g3 g6 3. Bg2 Bg7 4. e3 e6 5. Nc3 Ne7 6. Nge2 Nbc6 7. O-O d5 8. cxd5
Nxd5 9. a3 O-O 10. Rb1 Nxc3 11. Nxc3 c4 12. b4 Ne5 13. Qc2 Qd3 14. Be4 Qxc2 15.
Bxc2 Bd7 16. Be4 Rab8 17. Bb2 f5 18. Bg2 Nd3 19. Nd1 Rfd8 20. Bxg7 Kxg7 21. Nb2
Bb5 22. Rfd1 Nxb2 23. Rxb2 c3 24. Ra2 Ba4 25. Bf3 Bxd1 26. Bxd1 Rbc8 27. d4 e5
28. Kf1 exd4 29. exd4 Rxd4 30. Bb3 Re4 31. Rc2 Kf6 32. Bd5 Rd4 33. Bxb7 Rd2 34.
Rxd2 cxd2 35. Ke2 Rd8 36. Kd1 Ke5 0-1

[Event "29.Schlosspark-Open"]
[Site "Wiesbaden-Biebrich"]
[Date "2017.08.25"]
[Round "2.63"]
[White "Cichon, Jörg"]
[Black "Traut, Stefan"]
[Result "1/2-1/2"]
[WhiteElo "1853"]
[BlackElo "1698"]
[PlyCount "33"]
[EventDate "2017.??.??"]
[WhiteTeam "SF Mainz"]
[BlackTeam "SF Heusenstamm"]

1. e4 d5 2. exd5 Qxd5 3. Nc3 Qa5 4. d4 c6 5. Bc4 Nf6 6. Nf3 Bf5 7. Bd2 Qc7 8.
h3 e6 9. Bg5 Be7 10. Bd3 Bxd3 11. Qxd3 Nbd7 12. Ne2 h6 13. Bf4 Bd6 14. Bg3 Bxg3
15. Nxg3 a6 16. O-O O-O 17. c4 1/2-1/2

[Event "29.Schlosspark-Open"]
[Site "Wiesbaden-Biebrich"]
[Date "2017.08.25"]
[Round "2.64"]
[White "Eg, Karlheinz"]
[Black "Viol, Julius"]
[Result "1-0"]
[WhiteElo "1847"]
[BlackElo "1589"]
[PlyCount "71"]
[EventDate "2017.??.??"]
[WhiteTeam "SV Rüsselsheim"]
[BlackTeam "FC Bierstadt"]

1. e4 Nf6 2. Nc3 d5 3. d4 Nxe4 4. Bd3 Nxc3 5. bxc3 g6 6. Nf3 Bg7 7. O-O Bg4 8.
h3 Bxf3 9. Qxf3 c6 10. Rb1 b6 11. Ba3 O-O 12. c4 Bxd4 13. cxd5 cxd5 14. Rfe1
Bc5 15. Bb2 e6 16. c4 Nc6 17. cxd5 exd5 18. Rbd1 Nd4 19. Qf4 Ne6 20. Qh6 Qg5
21. Qxg5 Nxg5 22. Bb5 Ne4 23. Kf1 Nxf2 24. Rxd5 Rfd8 25. Rxc5 bxc5 26. Kxf2
Rd2+ 27. Re2 Rxe2+ 28. Kxe2 Rb8 29. a4 a6 30. Be5 Rb6 31. Bd7 f6 32. Bc3 Kf7
33. Bc8 Ke7 34. Kd3 Kd6 35. Kc4 Kc7 36. Ba5 1-0

[Event "29.Schlosspark-Open"]
[Site "Wiesbaden-Biebrich"]
[Date "2017.08.25"]
[Round "2.65"]
[White "Weiland, Thomas"]
[Black "Künne, Lutz"]
[Result "1-0"]
[WhiteElo "1844"]
[BlackElo "1635"]
[PlyCount "87"]
[EventDate "2017.??.??"]
[WhiteTeam "SV Oberursel"]
[BlackTeam "KC Jena"]

1. e4 c5 2. Nf3 d6 3. Nc3 Nf6 4. b3 Nc6 5. Bb2 a6 6. a4 e5 7. h3 Be7 8. d3 O-O
9. Be2 Bd7 10. O-O Rc8 11. Qd2 Nd4 12. Nd5 Nxe2+ 13. Qxe2 Nxd5 14. exd5 Re8 15.
Nd2 Bf5 16. Qf3 Bg6 17. Rfe1 Bg5 18. Nc4 f5 19. Qd1 e4 20. dxe4 fxe4 21. Bc3
Bf6 22. Qd2 Bg5 23. Qe2 Bf6 24. Qe3 Bg5 25. Qg3 Be7 26. Ba5 Qd7 27. Nb6 Qf5 28.
Nxc8 Rxc8 29. c4 Bf6 30. Bc3 Bxc3 31. Qxc3 Rf8 32. Ra2 Qd7 33. Re3 Rf4 34. b4
b5 35. axb5 axb5 36. bxc5 dxc5 37. Ra8+ Rf8 38. Rxf8+ Kxf8 39. cxb5 Qxd5 40. b6
Qc6 41. Qa5 Bf7 42. Qa7 Bd5 43. Rg3 Qb7 44. Qxb7 1-0

[Event "29.Schlosspark-Open"]
[Site "Wiesbaden-Biebrich"]
[Date "2017.08.25"]
[Round "2.66"]
[White "Kunisch, Nina"]
[Black "Miosga, Stefan"]
[Result "0-1"]
[WhiteElo "1601"]
[BlackElo "1824"]
[PlyCount "84"]
[EventDate "2017.??.??"]
[WhiteTeam "TV-Großostheim"]
[BlackTeam "SP Plesse Bovenden"]

1. e4 c5 2. c4 Nc6 3. Nc3 g6 4. g3 Bg7 5. Bg2 d6 6. Nge2 Ne5 7. d3 Bg4 8. O-O
Bf3 9. Be3 Qd7 10. Bxf3 Nxf3+ 11. Kg2 Ne5 12. Rb1 Nf6 13. b4 b6 14. a3 h5 15.
h4 O-O 16. Qd2 Kh7 17. b5 Neg4 18. Bf4 Ng8 19. f3 e5 20. Be3 Nxe3+ 21. Qxe3 Bh6
22. Qg1 f5 23. Nd5 Rf7 24. Nec3 Raf8 25. a4 Rg7 26. Qh1 Ne7 27. Rb2 Nxd5 28.
Nxd5 Qd8 29. Rbf2 g5 30. hxg5 Qxg5 31. Qh3 f4 32. Kh1 fxg3 33. Rg2 h4 34. Kg1
Rgf7 35. Rd1 Kh8 36. Qe6 Rxf3 37. Qxd6 h3 38. Re2 g2 39. Ne7 h2+ 40. Kxh2 Qg3+
41. Kg1 Rf1+ 42. Rxf1 Rxf1# 0-1

[Event "29.Schlosspark-Open"]
[Site "Wiesbaden-Biebrich"]
[Date "2017.08.25"]
[Round "2.67"]
[White "Pauly, Markus"]
[Black "Lorenz, Hermann"]
[Result "1/2-1/2"]
[WhiteElo "1812"]
[BlackElo "1629"]
[PlyCount "103"]
[EventDate "2017.??.??"]
[WhiteTeam "Sfr. Erbach"]
[BlackTeam "SF Mainz"]

1. c4 Nf6 2. Nc3 g6 3. g3 Bg7 4. Bg2 O-O 5. d3 d6 6. Bg5 h6 7. Bd2 e5 8. e4 Nc6
9. Nge2 Be6 10. Nd5 a5 11. O-O Bxd5 12. cxd5 Nb4 13. d4 exd4 14. Nxd4 Re8 15.
f3 Nd3 16. Bc3 Nc5 17. Qd2 a4 18. Rae1 Nfd7 19. Kh1 Kh7 20. Nb5 f6 21. f4 Ra6
22. Rf2 Nb6 23. Na3 Nbd7 24. Rfe2 h5 25. Bd4 b6 26. Qc3 Re7 27. Nc2 Ra8 28. Nb4
Rf7 29. Nc6 Qf8 30. e5 fxe5 31. fxe5 dxe5 32. Nxe5 Nxe5 33. Bxc5 bxc5 34. Rxe5
Qh8 35. Bh3 Bxe5 36. Rxe5 Re8 37. Be6 Qf6 38. Re1 Qxc3 39. bxc3 Rf3 40. Re4
Rxc3 41. Rxa4 Re7 42. Ra6 Rc2 43. Rc6 Rxa2 44. Rxc5 Rb2 45. Rc6 Kg7 46. Kg1 Rb6
47. Rc2 Kf6 48. Kf2 Rbxe6 49. dxe6 Kxe6 50. Rc6+ Kf5 51. Kf3 Rf7 52. Rc5+
1/2-1/2

[Event "29.Schlosspark-Open"]
[Site "Wiesbaden-Biebrich"]
[Date "2017.08.25"]
[Round "2.68"]
[White "Triantafillidis, Dimitrios"]
[Black "Boder, Jan"]
[Result "1-0"]
[WhiteElo "1624"]
[BlackElo "1808"]
[PlyCount "125"]
[EventDate "2017.??.??"]
[WhiteTeam "SF HN-Biberach"]
[BlackTeam "SG Mörsdorf-Lahr"]

1. e4 c5 2. c3 e5 3. d4 cxd4 4. cxd4 exd4 5. Qxd4 Nc6 6. Qd1 Nf6 7. Nc3 Bb4 8.
Bd2 Qe7 9. Qe2 O-O 10. f3 Re8 11. O-O-O a5 12. Nb5 Qc5+ 13. Qc4 Qxc4+ 14. Bxc4
Re7 15. Bf4 b6 16. Ne2 Bb7 17. Bg5 Rc8 18. Kb1 Ne5 19. Bb3 Ba6 20. Nec3 Bxc3
21. Nxc3 Ree8 22. Bxf6 gxf6 23. Nd5 Rc6 24. Rc1 Kg7 25. Rxc6 dxc6 26. Nxb6 Rd8
27. Rd1 Rxd1+ 28. Bxd1 Bf1 29. f4 Nd3 30. g3 Bg2 31. Nc4 Bxe4 32. Nxa5 Nb4+ 33.
Ka1 Kg6 34. Nc4 Bd5 35. b3 Kf5 36. Nd2 h6 37. Kb2 Nd3+ 38. Kc3 Nf2 39. Bf3 Bxf3
40. Nxf3 Kg4 41. Ng1 Ne4+ 42. Kd4 f5 43. a4 c5+ 44. Kc4 Nd2+ 45. Kc3 Ne4+ 46.
Kc2 h5 47. a5 Nd6 48. Kd3 h4 49. Ne2 Kf3 50. gxh4 c4+ 51. bxc4 f6 52. h5 Kg2
53. h6 Ne4 54. h7 Kh1 55. h4 Nf2+ 56. Kd4 Kh2 57. h8=Q Ng4 58. Qg8 Kh1 59. Ng3+
Kh2 60. Nxf5 Nf2 61. Qg3+ Kh1 62. Ne3 Ne4 63. Qg2# 1-0

[Event "29.Schlosspark-Open"]
[Site "Wiesbaden-Biebrich"]
[Date "2017.08.25"]
[Round "2.69"]
[White "Jakesevic, Ivan"]
[Black "Schöber, Sebastian"]
[Result "0-1"]
[WhiteElo "1615"]
[BlackElo "1808"]
[PlyCount "101"]
[EventDate "2017.??.??"]
[WhiteTeam "FC Bierstadt"]
[BlackTeam "Wiesbadener SV"]

1. Nf3 c5 2. c4 Nc6 3. Nc3 d6 4. e3 g6 5. d4 cxd4 6. exd4 Bg7 7. d5 Ne5 8. Nxe5
Bxe5 9. f4 Bg7 10. g3 h5 11. h3 Nh6 12. Be3 Nf5 13. Bf2 a6 14. Bg2 Bd7 15. O-O
Rc8 16. Qb3 Qc7 17. Rac1 Nd4 18. Bxd4 Bxd4+ 19. Kh2 Bf5 20. Ne2 Bf6 21. Rfd1
Kf8 22. Qb4 Kg7 23. Nd4 Bd7 24. b3 a5 25. Qd2 Qc5 26. Be4 Bxd4 27. Qxd4+ Qxd4
28. Rxd4 b5 29. Bd3 Kf6 30. Re1 b4 31. Kg2 Rc7 32. Rde4 Bf5 33. R4e3 Ra8 34.
Bxf5 gxf5 35. Kf3 a4 36. R1e2 axb3 37. axb3 Ra1 38. Rb2 Rca7 39. Rd3 Rc1 40.
Kf2 Raa1 41. h4 Rf1+ 42. Kg2 Rad1 43. Re3 Rg1+ 44. Kh2 Rge1 45. Rf3 e6 46. dxe6
fxe6 47. Kg2 Ke7 48. Kf2 Rf1+ 49. Ke2 Rde1+ 50. Kd2 Rxf3 51. Kxe1 0-1

[Event "29.Schlosspark-Open"]
[Site "Wiesbaden-Biebrich"]
[Date "2017.08.25"]
[Round "2.70"]
[White "Diener, Carolin Valeria"]
[Black "Brauch, Manfred"]
[Result "0-1"]
[WhiteElo "1774"]
[BlackElo "1626"]
[PlyCount "62"]
[EventDate "2017.??.??"]
[WhiteTeam "SK Bad Homburg"]
[BlackTeam "Barmbeker SK"]

1. e4 c5 2. Nc3 d6 3. Bb5+ Bd7 4. Bxd7+ Qxd7 5. d3 Nc6 6. f4 e6 7. Nf3 Be7 8.
O-O Nh6 9. a3 f6 10. Nh4 O-O-O 11. f5 g5 12. fxe6 Qxe6 13. Nf3 Ng4 14. Nd5 h5
15. b4 Nd4 16. Nxd4 cxd4 17. h3 Ne5 18. Bb2 g4 19. Nf4 Qg8 20. Bxd4 Nc6 21. Be3
gxh3 22. Nxh3 Kb8 23. Qd2 Ne5 24. b5 b6 25. c4 Ng4 26. Bd4 Rh7 27. a4 Rd7 28.
a5 Bd8 29. a6 Ne5 30. Rac1 Rhg7 31. Nf4 h4 0-1

[Event "29.Schlosspark-Open"]
[Site "Wiesbaden-Biebrich"]
[Date "2017.08.25"]
[Round "2.71"]
[White "Jahraus, Marlis"]
[Black "Schubert, Wolfgang"]
[Result "0-1"]
[WhiteElo "1563"]
[BlackElo "1806"]
[PlyCount "90"]
[EventDate "2017.??.??"]
[WhiteTeam "SC Untergrombach"]
[BlackTeam "Wiesbadener SV"]

1. f4 d5 2. Nf3 e6 3. g3 c5 4. Bg2 Nc6 5. O-O Nf6 6. d3 Be7 7. Qe1 O-O 8. e4
dxe4 9. dxe4 Nd4 10. Nxd4 Qxd4+ 11. Qe3 Qd8 12. Bf3 Qc7 13. e5 Nd5 14. Qe2 Rd8
15. c4 Nb4 16. Nc3 Bd7 17. a3 Nc6 18. Be3 Rac8 19. Rad1 a6 20. Ne4 Nd4 21. Bxd4
cxd4 22. Rxd4 Bc6 23. Rxd8+ Rxd8 24. b4 Ba4 25. Nc3 Bb3 26. c5 Bxc5+ 27. Kg2
Bxb4 28. Nb5 axb5 29. Qxb5 Bc4 30. Qxb4 Bxf1+ 31. Kxf1 b6 32. Kg2 Qc5 33. Qa4
g6 34. Qa7 h5 35. Kh3 Kf8 36. a4 Qf2 37. Bc6 Rd2 38. Qa8+ Kg7 39. Bg2 Qe2 40.
Qf3 Qc4 41. Qe3 Rd4 42. Bc6 Qf1+ 43. Kh4 Qd1 44. h3 Rb4 45. Bb5 Qd8# 0-1

[Event "29.Schlosspark-Open"]
[Site "Wiesbaden-Biebrich"]
[Date "2017.08.25"]
[Round "2.72"]
[White "Triantafillidis, Simeon"]
[Black "Seeger, Alexandra"]
[Result "1/2-1/2"]
[WhiteElo "1801"]
[BlackElo "1615"]
[PlyCount "45"]
[EventDate "2017.??.??"]
[WhiteTeam "SF HN-Biberach"]
[BlackTeam "SC Rohrbach-Boxberg"]

1. e4 e6 2. b3 d5 3. Bb2 Nf6 4. e5 Nfd7 5. Nf3 c5 6. Be2 Nc6 7. O-O d4 8. Bb5
Qc7 9. Re1 Be7 10. c3 dxc3 11. dxc3 O-O 12. c4 Rd8 13. Bxc6 Qxc6 14. Qc2 b6 15.
Nbd2 Nf8 16. Ne4 Bb7 17. Ng3 Ng6 18. Qe4 Qxe4 19. Nxe4 Rd7 20. h3 Rad8 21. Rac1
Nf4 22. Rc2 Rd1 23. Ned2 1/2-1/2

[Event "29.Schlosspark-Open"]
[Site "Wiesbaden-Biebrich"]
[Date "2017.08.25"]
[Round "2.73"]
[White "Haftmann, Rainer"]
[Black "Fernandez Garcia, Alfonso Javier"]
[Result "1-0"]
[WhiteElo "1800"]
[BlackElo "1598"]
[PlyCount "67"]
[EventDate "2017.??.??"]
[WhiteTeam "SG Dietzenbach"]
[BlackTeam "SV Neu-Isenburg"]

1. e4 e6 2. d4 d5 3. Nd2 c5 4. exd5 Qxd5 5. Ngf3 cxd4 6. Bc4 Qd8 7. O-O Nf6 8.
Nb3 Nc6 9. Nbxd4 Nxd4 10. Nxd4 Qc7 11. Qe2 Bc5 12. Nb5 Qe7 13. Bg5 Bb6 14. Rad1
O-O 15. Nc3 Qb4 16. Bxf6 gxf6 17. Rd3 Qc5 18. Ne4 Qf5 19. Rf3 Qxf3 20. Qxf3 f5
21. Qg3+ Kh8 22. Nf6 Bd8 23. Qc3 h6 24. Rd1 Bb6 25. Nh5+ f6 26. Nxf6 Rf7 27.
Rd3 Bc7 28. Rh3 b5 29. Rxh6+ Kg7 30. Ng4+ Kf8 31. Rh8+ Ke7 32. Nh6 bxc4 33.
Nxf7 Kxf7 34. Rh7+ 1-0

[Event "29.Schlosspark-Open"]
[Site "Wiesbaden-Biebrich"]
[Date "2017.08.25"]
[Round "2.74"]
[White "Bartsch, Marius"]
[Black "Meding, Olaf"]
[Result "1/2-1/2"]
[WhiteElo "1608"]
[BlackElo "1799"]
[PlyCount "107"]
[EventDate "2017.??.??"]
[WhiteTeam "Wiesbadener SV"]
[BlackTeam "SF Mainz"]

1. e4 e6 2. d4 d5 3. e5 c5 4. c3 Nc6 5. Nf3 Qb6 6. Bd3 Nge7 7. O-O Nf5 8. Bxf5
exf5 9. a3 c4 10. Re1 Be7 11. Nbd2 O-O 12. b3 Na5 13. b4 Nc6 14. a4 g5 15. Nxg5
Bxg5 16. Qh5 Bxd2 17. Bxd2 Nd8 18. Bh6 Qg6 19. Qxg6+ hxg6 20. Bxf8 Kxf8 21. f4
Nc6 22. Re3 Bd7 23. Kf2 a6 24. h4 Nd8 25. Rh3 Ne6 26. Ke3 Kg7 27. a5 Rh8 28.
Rah1 Rh5 29. Rg3 g5 30. Kf3 g4+ 31. Ke3 Ba4 32. Rh2 Bc2 33. Rh1 Be4 34. Rh2 Nf8
35. Kf2 Ng6 36. Re3 Nxf4 37. g3 Ng6 38. Ke1 Kf8 39. b5 axb5 40. Kf2 Ne7 41. Re2
Nc6 42. Rb2 Na7 43. Ke3 Rh6 44. Ra2 Ra6 45. Rhb2 Kg7 46. Kf4 Kg6 47. Ke3 Rc6
48. Kf4 f6 49. exf6 Kxf6 50. Ra1 Re6 51. Re1 Ra6 52. Ra1 Bd3 53. Ke3 Re6+ 54.
Kf2 1/2-1/2

[Event "29.Schlosspark-Open"]
[Site "Wiesbaden-Biebrich"]
[Date "2017.08.25"]
[Round "2.75"]
[White "Armbrust, Matthias"]
[Black "Brockmann, Marcus"]
[Result "1-0"]
[WhiteElo "1796"]
[BlackElo "1585"]
[PlyCount "57"]
[EventDate "2017.??.??"]
[WhiteTeam "SF Lindlar"]
[BlackTeam "Schachforum Darmstadt"]

1. e4 e5 2. Nf3 Nc6 3. Bb5 a6 4. Bxc6 dxc6 5. O-O f6 6. d4 exd4 7. Nxd4 c5 8.
Ne2 Bd6 9. Be3 Bd7 10. Nbc3 c6 11. Qxd6 Ne7 12. Bxc5 Nc8 13. Qg3 Kf7 14. Rad1
Re8 15. Qd3 b6 16. Qxd7+ Qxd7 17. Rxd7+ Ke6 18. Rxg7 bxc5 19. Rd1 Nd6 20. Rxh7
Rad8 21. Nf4+ Ke5 22. Ng6+ Ke6 23. f4 f5 24. e5 Nf7 25. Nh4 Rxd1+ 26. Nxd1 Rd8
27. Ne3 Rd4 28. g3 Rd2 29. Nhxf5 1-0

[Event "29.Schlosspark-Open"]
[Site "Wiesbaden-Biebrich"]
[Date "2017.08.25"]
[Round "2.76"]
[White "Lehmann, Wolfgang"]
[Black "Hinz, André"]
[Result "1-0"]
[WhiteElo "1603"]
[BlackElo "1696"]
[PlyCount "23"]
[EventDate "2017.??.??"]
[WhiteTeam "Wiesbadener SV"]
[BlackTeam "SC Brett vorm Kopp"]

1. d4 Nc6 2. Nf3 d6 3. c3 Nf6 4. Bf4 Bg4 5. Nbd2 Bf5 6. h3 h6 7. e3 g5 8. Bh2
Bg7 9. Qb3 Na5 10. Qb5+ c6 11. Qxf5 O-O 12. b4 1-0

[Event "29.Schlosspark-Open"]
[Site "Wiesbaden-Biebrich"]
[Date "2017.08.25"]
[Round "2.77"]
[White "Anhalt, Albert"]
[Black "Ochs, Daniel Elias"]
[Result "1-0"]
[WhiteElo "1789"]
[BlackElo "1571"]
[PlyCount "97"]
[EventDate "2017.??.??"]
[WhiteTeam "SG Idstein"]
[BlackTeam "Wiesbadener SV"]

1. e4 c5 2. d4 cxd4 3. c3 Nf6 4. e5 Nd5 5. cxd4 e6 6. Nf3 Nc6 7. a3 Be7 8. Bd3
a6 9. O-O b5 10. Re1 Bb7 11. Nc3 Nxc3 12. bxc3 Rc8 13. Bd2 h6 14. a4 b4 15. c4
a5 16. d5 Nb8 17. d6 Bf8 18. Nd4 Qh4 19. Nb5 Na6 20. g3 Qh3 21. Bf1 Qf5 22. Nd4
Qh7 23. Be3 g6 24. Nb5 Bg7 25. Bb6 O-O 26. Bxa5 Rc5 27. f4 Kh8 28. Bb6 Rcc8 29.
Nc7 g5 30. Bd3 Qg8 31. f5 Nxc7 32. dxc7 Rfe8 33. f6 Bf8 34. c5 g4 35. Be4 Bxe4
36. Rxe4 h5 37. Qxd7 Qg6 38. Qd4 b3 39. Rb1 Qf5 40. Rxb3 Bh6 41. Re2 Qg5 42.
Rb1 Qf5 43. Qe4 Qg5 44. c6 h4 45. Rd1 hxg3 46. hxg3 Kg8 47. Rh2 Ra8 48. Re1 Ra6
49. Be3 1-0

[Event "29.Schlosspark-Open"]
[Site "Wiesbaden-Biebrich"]
[Date "2017.08.25"]
[Round "2.78"]
[White "Siegismund, Florian"]
[Black "Wüst, Carolin"]
[Result "1-0"]
[WhiteElo "1784"]
[BlackElo "1566"]
[PlyCount "93"]
[EventDate "2017.??.??"]
[WhiteTeam "SK Bad Schwalbach"]
[BlackTeam "PTSV SK Hof"]

1. d4 d5 2. c4 dxc4 3. Nf3 Nf6 4. Nc3 e6 5. e3 Be7 6. Bxc4 O-O 7. O-O b6 8. Qe2
Bb7 9. Rd1 Nd5 10. Bd2 c5 11. dxc5 Bxc5 12. Nxd5 exd5 13. Bc3 Qe7 14. Bxd5 Bxd5
15. Rxd5 Nd7 16. Rad1 Nf6 17. R5d3 Rfd8 18. Nd4 Bxd4 19. Bxd4 Rac8 20. h3 h6
21. Qf3 Ne4 22. Qg4 Nf6 23. Qf5 Ne4 24. f3 Ng3 25. Qe5 Qxe5 26. Bxe5 Rxd3 27.
Rxd3 Nf5 28. e4 Nh4 29. Bc3 Rc7 30. Rd8+ Kh7 31. Kf2 Ng6 32. g3 f6 33. Ke3 Ne5
34. Rd5 Nc4+ 35. Kd3 Rc6 36. Rd7 Rd6+ 37. Rxd6 Nxd6 38. f4 Kg6 39. Bb4 Nb7 40.
f5+ Kf7 41. Kd4 a5 42. Ba3 b5 43. Bc5 b4 44. Kd5 g6 45. Kc6 Nd8+ 46. Kd7 Nb7
47. Bb6 1-0